Maximizing daily butterfly counts (Registro nro. 11144)

Detalles MARC
000 -CABECERA
Campo de control 004550000a22001570004500
090 ## - CLASIFICACIÓN LOCAL
Colección AR
Consecutivo 02067
041 0# - IDIOMA
Código de idioma para texto/pista de sonido o título separado
100 1# - ASIENTO PRINCIPAL--NOMBRE PERSONAL
Nombre personal Brown, Keith S.
245 10 - MENCION DE TITULO
Título Maximizing daily butterfly counts
650 14 - ASIENTO SECUNDARIO DE MATERIA - TERMINO TEMATICO
Término temático o nombre geográfico como elemento de entrada Entomología
650 14 - ASIENTO SECUNDARIO DE MATERIA - TERMINO TEMATICO
Término temático o nombre geográfico como elemento de entrada Métodos de muestreo
650 14 - ASIENTO SECUNDARIO DE MATERIA - TERMINO TEMATICO
Término temático o nombre geográfico como elemento de entrada Colecciones biológicas
651 #4 - ASIENTO SECUNDARIO DE MATERIA - NOMBRE GEOGRAFICO
-- Brasil
773 1# - Item fuente:
Título Journal of the Lepidopterists Society
Especificación de materiales 547
Descripción física 3
Paginas del Articulo 183-196
Lugar, editorial y fecha de publicación 1972
Información sobre la relación 26
942 ## - ELEMENTOS ADICIONALES (KOHA)
Tipo de ítem Artículo
Existencias
Withdrawn status Lost status Damaged status No para préstamo Colección Ubicación Permanente Ubicación actual Fecha de adquisición Datos de publicación Seriada Total Checkouts Número topográfico Inventario / Código de Barras Date last seen Ejemplar Price effective from Forma de adquisición Tipo de material
      No para Préstamo Hemeroteca Bogotá Bogotá 27/02/2015 Fuera de circulación   AR 02067 012442 25/03/2015 1 25/03/2015   Artículo